[Event "9th Batavia Chess Tournament"]
[Site "Amsterdam"]
[Date "2017.02.24"]
[Round "1.4"]
[White "Beerdsen, Thomas"]
[Black "Timmermans, Mark"]
[Result "1-0"]
[WhiteElo "2422"]
[BlackElo "2415"]
[PlyCount "93"]
[EventDate "2017.??.??"]

1. e4 e5 2. Nf3 Nc6 3. Bb5 f5 4. Nc3 fxe4 5. Nxe4 Nf6 6. Qe2 d5 7. Nxf6+ gxf6
8. d4 Bg7 9. dxe5 O-O 10. Bxc6 bxc6 11. e6 Re8 12. O-O Qd6 13. Nd4 Bxe6 14. Qf3
c5 15. Bf4 Qd7 16. Nb3 c4 17. Nc5 Qc6 18. Be3 Bf7 19. Bd4 Bf8 20. b4 Bxc5 21.
Bxc5 a5 22. a3 axb4 23. axb4 Bg6 24. c3 Rxa1 25. Rxa1 Ra8 26. Rxa8+ Qxa8 27. h4
Kf7 28. Bd4 Qd8 29. g4 Qd6 30. g5 Be4 31. Qxf6+ Qxf6 32. Bxf6 h5 33. Kh2 Ke6
34. Kg3 Kf5 35. f3 Bc2 36. Kf2 Ba4 37. Ke3 Be8 38. Kd4 c6 39. Kc5 Ke6 40. f4
Kf5 41. Kd6 Kxf4 42. Ke7 Bg6 43. Kd7 d4 44. Bxd4 Be4 45. g6 Bxg6 46. Kxc6 Kg4
47. Bf6 1-0

[Event "9th Batavia Chess Tournament"]
[Site "Amsterdam"]
[Date "2017.02.25"]
[Round "2.4"]
[White "Baron, Tal"]
[Black "Beerdsen, Thomas"]
[Result "1-0"]
[WhiteElo "2544"]
[BlackElo "2422"]
[PlyCount "131"]
[EventDate "2017.??.??"]

1. e4 e5 2. Nf3 Nc6 3. Bb5 f5 4. d3 fxe4 5. dxe4 Nf6 6. O-O d6 7. Qd3 a6 8. Ba4
Be7 9. Rd1 Qd7 10. a3 Qg4 11. Nc3 O-O 12. Bb3+ Kh8 13. Ng5 Qh5 14. Ne6 Bxe6 15.
Bxe6 Nd4 16. Bh3 Ng4 17. Bxg4 Qxg4 18. Be3 Bh4 19. Bxd4 exd4 20. f3 Qg6 21. Ne2
c5 22. Kh1 Rad8 23. g3 Bg5 24. Rf1 Rfe8 25. Rae1 d5 26. e5 Qxd3 27. cxd3 Be3
28. f4 c4 29. Rd1 b5 30. Kg2 Re7 31. dxc4 dxc4 32. Kf3 Kg8 33. Ke4 Red7 34. g4
a5 35. Ng3 g6 36. Rf3 b4 37. axb4 axb4 38. Nf1 c3 39. Nxe3 d3 40. bxc3 bxc3 41.
Rf2 g5 42. fxg5 Rd4+ 43. Kf3 c2 44. Rc1 Rf8+ 45. Kg3 Rxf2 46. Kxf2 Rxg4 47. Ke1
Rxg5 48. Kd2 Rxe5 49. Kxd3 Rh5 50. Rxc2 Rh4 51. Rf2 Ra4 52. Nf5 Kf7 53. Nd4+
Kg6 54. Ke4 h6 55. Rd2 Kg5 56. Rd3 h5 57. Kf3 Kh4 58. Kf4 Rb4 59. Ke5 Kg5 60.
Rg3+ Kh6 61. Nf5+ Kh7 62. Kf6 Rb2 63. Rg7+ Kh8 64. Rg6 Rf2 65. Rh6+ Kg8 66.
Rxh5 1-0

[Event "9th Batavia Chess Tournament"]
[Site "Amsterdam"]
[Date "2017.02.26"]
[Round "3.5"]
[White "Beerdsen, Thomas"]
[Black "Van Foreest, Lucas"]
[Result "0-1"]
[WhiteElo "2422"]
[BlackElo "2453"]
[PlyCount "90"]
[EventDate "2017.??.??"]

1. e4 e5 2. Nf3 Nc6 3. Bc4 Nf6 4. d3 h6 5. c3 d6 6. Nbd2 g6 7. O-O Bg7 8. b4
O-O 9. Qb3 Nd7 10. Qc2 Nb6 11. Bb3 d5 12. exd5 Nxd5 13. b5 Nb8 14. Nc4 Re8 15.
Re1 Nd7 16. Bd2 a6 17. Nb2 Nf8 18. c4 Nf4 19. Bc3 Bf5 20. bxa6 Rxa6 21. Re3
Rae6 22. Rae1 Nd7 23. g3 Nh3+ 24. Kg2 Ng5 25. Nxg5 Qxg5 26. c5 Rc6 27. Na4 Qh5
28. Kg1 b5 29. cxb6 cxb6 30. Bd5 Rd6 31. Qb3 Be6 32. Bxe6 Rdxe6 33. d4 Nf6 34.
Rxe5 Rxe5 35. Rxe5 Rxe5 36. dxe5 Ng4 37. h4 Nxe5 38. Bxe5 Qxe5 39. Nxb6 Qe1+
40. Kg2 Bd4 41. Na4 Qxf2+ 42. Kh3 Qf1+ 43. Kh2 Bg1+ 44. Kh1 Be3+ 45. Kh2 Qg1+
0-1

[Event "9th Batavia Chess Tournament"]
[Site "Amsterdam"]
[Date "2017.02.27"]
[Round "4.1"]
[White "Leenhouts, Koen"]
[Black "Beerdsen, Thomas"]
[Result "1/2-1/2"]
[WhiteElo "2487"]
[BlackElo "2422"]
[PlyCount "97"]
[EventDate "2017.??.??"]

1. d4 Nf6 2. c4 e6 3. Nc3 Bb4 4. Qc2 b6 5. e4 c5 6. d5 Qe7 7. Be2 d6 8. Nf3 O-O
9. Be3 Bxc3+ 10. bxc3 exd5 11. exd5 Bg4 12. O-O Nbd7 13. Rae1 Ne5 14. Nxe5 Qxe5
15. Bxc5 bxc5 16. Bxg4 Qf4 17. Be2 Rfe8 18. Bd3 Ng4 19. g3 Qh6 20. h4 Ne5 21.
Kg2 g6 22. Be2 Nd7 23. a4 Nf6 24. Bf3 Qf8 25. a5 Rab8 26. Qa4 Rb2 27. h5 gxh5
28. Bxh5 Rxe1 29. Rxe1 Qh6 30. Bf3 Qd2 31. Re2 Qxc3 32. Rxb2 Qxb2 33. Qb5 Qb4
34. Qc6 Qb8 35. a6 Qd8 36. Qb7 Qd7 37. g4 h6 38. Kg3 Kf8 39. Qb2 Qe7 40. Kg2
Kg7 41. Qc3 Kf8 42. Qc1 Kg7 43. Qb2 Kf8 44. Qb8+ Kg7 45. Qb2 Kf8 46. Qb7 Qd7
47. Bd1 Qe7 48. Bf3 Qd7 49. Bd1 1/2-1/2

[Event "9th Batavia Chess Tournament"]
[Site "Amsterdam"]
[Date "2017.02.28"]
[Round "5.4"]
[White "Beerdsen, Thomas"]
[Black "Cheng, Bobby"]
[Result "1-0"]
[WhiteElo "2422"]
[BlackElo "2453"]
[PlyCount "55"]
[EventDate "2017.??.??"]

1. e4 e6 2. d4 d5 3. Nc3 Nf6 4. e5 Nfd7 5. f4 c5 6. Nf3 Be7 7. Be3 b6 8. Be2
Nc6 9. O-O O-O 10. Kh1 Bb7 11. Qe1 f6 12. Qg3 f5 13. Qh3 Qe8 14. Rg1 Nb4 15.
Rac1 Ba6 16. Bxa6 Nxa6 17. g4 Qf7 18. Nb5 Kh8 19. Ng5 Qg8 20. Rcf1 Bxg5 21.
fxg5 fxg4 22. Rxg4 cxd4 23. Bxd4 Nb4 24. Nd6 Nc6 25. g6 h6 26. Rf7 Nxd4 27. Rh4
Nf5 28. Rxf5 1-0

[Event "9th Batavia Chess Tournament"]
[Site "Amsterdam"]
[Date "2017.03.02"]
[Round "6.4"]
[White "Lobron, Eric"]
[Black "Beerdsen, Thomas"]
[Result "1/2-1/2"]
[WhiteElo "2528"]
[BlackElo "2422"]
[PlyCount "129"]
[EventDate "2017.??.??"]

1. Nf3 Nf6 2. c4 e6 3. d4 Bb4+ 4. Bd2 c5 5. Bxb4 cxb4 6. g3 b6 7. Bg2 Bb7 8.
Nbd2 O-O 9. Nf1 a5 10. Ne3 d6 11. O-O Na6 12. Rc1 Rc8 13. Qd3 Qc7 14. Rfd1 Be4
15. Qd2 Qb7 16. Bh3 Rc7 17. Nh4 d5 18. f3 Bg6 19. Nxg6 hxg6 20. cxd5 exd5 21.
Rxc7 Nxc7 22. Rc1 Nb5 23. Nd1 Re8 24. Bf1 Nd6 25. Qf4 Qd7 26. Nf2 Nf5 27. g4
Qd6 28. Qxd6 Nxd6 29. Rc6 Nb5 30. e3 Na7 31. Rc7 Nc8 32. Nd3 Nd6 33. g5 Nh7 34.
Rd7 Nf5 35. Rxd5 Nxe3 36. Rb5 Nf5 37. f4 Rb8 38. Rd5 f6 39. Bh3 Ne3 40. Rd7
fxg5 41. Be6+ Kh8 42. Ne5 Nf8 43. Nf7+ Kh7 44. Nxg5+ Kh6 45. Rc7 Nxe6 46. Nxe6
Nd5 47. Rd7 Nf6 48. Rd6 a4 49. Kg2 a3 50. bxa3 bxa3 51. Kf3 Rc8 52. Rxb6 Rc3+
53. Kg2 Re3 54. Ra6 Nd5 55. Kf2 Rc3 56. Ra8 g5 57. fxg5+ Kh5 58. Ra5 Nb4 59. d5
Kg4 60. d6 Rc2+ 61. Ke3 Rc3+ 62. Ke2 Rc2+ 63. Ke3 Rc3+ 64. Ke4 Rc4+ 65. Ke3
1/2-1/2

[Event "9th Batavia Chess Tournament"]
[Site "Amsterdam"]
[Date "2017.03.03"]
[Round "7.2"]
[White "Beerdsen, Thomas"]
[Black "Lai, Hing Ting"]
[Result "1-0"]
[WhiteElo "2422"]
[BlackElo "2392"]
[PlyCount "79"]
[EventDate "2017.??.??"]

1. e4 g6 2. d4 Bg7 3. Nf3 d6 4. Bd3 Nf6 5. O-O O-O 6. Re1 Nc6 7. c3 e5 8. h3 h6
9. dxe5 dxe5 10. Na3 Qe7 11. Nc4 Rd8 12. Qc2 Nh5 13. b4 a6 14. Ne3 Nf4 15. Bf1
Qf6 16. Kh2 Ne7 17. Ng1 h5 18. g3 Ne6 19. Bg2 Nf8 20. Nf3 Nh7 21. c4 Be6 22.
Bb2 Nc6 23. Nd5 Bxd5 24. cxd5 Nxb4 25. Qc4 a5 26. Bxe5 Qa6 27. Qc3 Bxe5 28.
Nxe5 Qf6 29. a3 Na6 30. f4 b6 31. Qe3 Nc5 32. Nc6 Re8 33. e5 Qg7 34. Rac1 Qf8
35. Qf3 a4 36. f5 Qh6 37. e6 f6 38. d6 cxd6 39. Ne7+ Rxe7 40. Qxa8+ 1-0

[Event "9th Batavia Chess Tournament"]
[Site "Amsterdam"]
[Date "2017.03.04"]
[Round "8.2"]
[White "Beerdsen, Thomas"]
[Black "Fier, Alexandr"]
[Result "1-0"]
[WhiteElo "2422"]
[BlackElo "2581"]
[PlyCount "99"]
[EventDate "2017.??.??"]

1. e4 c5 2. Nf3 Nc6 3. d4 cxd4 4. Nxd4 e5 5. Nb5 d6 6. c4 Be7 7. g3 f5 8. N1c3
a6 9. Na3 Nf6 10. Bg2 O-O 11. O-O Qe8 12. Nd5 fxe4 13. Nxf6+ gxf6 14. Bxe4 f5
15. Bd5+ Kh8 16. Nc2 f4 17. Kh1 fxg3 18. fxg3 Bg4 19. Qd3 Qh5 20. Be3 Be2 21.
Rxf8+ Rxf8 22. Qd2 Qg4 23. b3 e4 24. Nd4 Bf6 25. Re1 Bd3 26. Ne6 Re8 27. Nf4
Qg7 28. Nxd3 exd3 29. Qxd3 Nb4 30. Qf5 Be5 31. Rf1 Nxd5 32. cxd5 b5 33. Kg2 Qg8
34. Qf3 Qg6 35. Rc1 Qg7 36. Qf5 Qg8 37. Qd3 Rf8 38. Rc7 Rf7 39. Rxf7 Qxf7 40.
a4 bxa4 41. bxa4 Qb7 42. Qc4 Kg7 43. Qc6 Qf7 44. Qc4 Qf5 45. g4 Qb1 46. h4 Qb2+
47. Kf3 Qh2 48. Qc7+ Kh8 49. Qd8+ Kg7 50. Bh6+ 1-0

[Event "9th Batavia Chess Tournament"]
[Site "Amsterdam"]
[Date "2017.03.05"]
[Round "9.3"]
[White "Brink, Barry"]
[Black "Beerdsen, Thomas"]
[Result "0-1"]
[WhiteElo "2309"]
[BlackElo "2422"]
[PlyCount "108"]
[EventDate "2017.??.??"]

1. d4 Nf6 2. c4 e6 3. Nc3 Bb4 4. Qc2 O-O 5. Nf3 d5 6. Bg5 c5 7. dxc5 Nbd7 8. a3
Qa5 9. Bxf6 Nxf6 10. Rc1 Bxc3+ 11. Qxc3 Qxc5 12. cxd5 Qxd5 13. e3 Bd7 14. Bc4
Qh5 15. Qe5 Qg6 16. O-O Rac8 17. h3 Bc6 18. Be2 Nd7 19. Qd4 e5 20. Qb4 b6 21.
Nh4 Qf6 22. Qg4 Nc5 23. Rfd1 g6 24. Nf3 e4 25. Nd4 h5 26. Qg3 h4 27. Qh2 Ba4
28. Rd2 Rfd8 29. Bg4 Bd7 30. Bxd7 Nxd7 31. Rdc2 Rxc2 32. Rxc2 Ne5 33. Kh1 Kg7
34. Qg1 Nd3 35. Qf1 Rd5 36. Qe2 Rc5 37. Kg1 a5 38. Qd2 Qe5 39. Rc3 Qf6 40. Rc2
Kh7 41. a4 Rd5 42. Rc6 Qg5 43. Qc3 Ne5 44. Rc8 Qf6 45. Qc2 Nd3 46. Rc6 Qe5 47.
Rc4 Kh6 48. Qd2 Rc5 49. Rc2 Qc7 50. b3 Kh7 51. Rxc5 bxc5 52. Ne2 Qe5 53. Nc3
Qf6 54. Nxe4 Qa1+ 0-1

[Event "?"]
[Site "?"]
[Date "2017.03.04"]
[Round "2"]
[White "Wouters, Casper"]
[Black "Epishin, Vladimir"]
[Result "0-1"]
[WhiteElo "1789"]
[BlackElo "2617"]
[Annotator "Casper_2"]
[PlyCount "69"]
[EventDate "2017.02.25"]
[EventType "rapid"]

1. e4 g6 2. d4 Bg7 3. Nf3 d6 4. Be2 Nf6 5. Nc3 O-O 6. h3 a6 7. O-O b5 8. a3 Bb7
9. d5 c6 10. Re1 cxd5 11. exd5 Nbd7 12. Nh2 Nb6 13. Bf3 Rc8 14. Bf4 Nc4 15. Qc1
Re8 16. Rd1 Nd7 17. Rb1 Nde5 18. Be2 Nxa3 19. bxa3 Rxc3 20. a4 Qc7 21. axb5
Rxc2 22. Qe3 axb5 23. Bxb5 Rc8 24. Qb3 Rc3 25. Qb4 Rc5 26. Bxe5 Bxe5 27. Bc4
Ba8 28. Bb3 Rb8 29. Qh4 Bf6 30. Qa4 h5 31. Qa2 Kg7 32. Qe2 $2 Bxd5 33. Bxd5
Rxb1 34. Rxb1 Rxd5 35. Nf3 0-1

[Event "Meesterklasse"]
[Site "DSC Noord, Apeldoorn"]
[Date "2017.03.11"]
[Round "7.1"]
[White "Kunin, Vitaly"]
[Black "Fier, Alexandr"]
[Result "1/2-1/2"]
[WhiteElo "2569"]
[BlackElo "2568"]
[PlyCount "85"]
[EventDate "2017.??.??"]
[EventRounds "9"]
[WhiteTeam "Pathena Rotterdam"]
[BlackTeam "MuConsult Apeldoorn"]

1. d4 Nf6 2. c4 g6 3. Nc3 d5 4. cxd5 Nxd5 5. e4 Nxc3 6. bxc3 Bg7 7. Nf3 c5 8.
h3 O-O 9. Be2 Nc6 10. Be3 Qa5 11. O-O Rd8 12. a4 e6 13. Rc1 Bd7 14. Qb3 Qb6 15.
Qxb6 axb6 16. Rb1 Be8 17. e5 cxd4 18. cxd4 Rxa4 19. Rxb6 Rb4 20. Rxb4 Nxb4 21.
Rb1 Bf8 22. Bd2 Nc6 23. Bc3 Rb8 24. Nd2 Ne7 25. Ne4 Nd5 26. Bb5 Bxb5 27. Rxb5
Be7 28. Bd2 b6 29. Kf1 Kf8 30. Ke2 Ke8 31. Rb3 b5 32. Bg5 b4 33. Bxe7 Kxe7 34.
g3 Kd7 35. Rf3 Kc6 36. Nc5 Kb5 37. Kd3 Ra8 38. Rxf7 Ra3+ 39. Ke4 Nc3+ 40. Kf4
Ne2+ 41. Ke4 Nc3+ 42. Kf4 Ne2+ 43. Ke4 1/2-1/2

[Event "Meesterklasse"]
[Site "DSC Noord, Apeldoorn"]
[Date "2017.03.11"]
[Round "7.2"]
[White "Kuipers, Stefan"]
[Black "Reinderman, Dimitri"]
[Result "0-1"]
[WhiteElo "2394"]
[BlackElo "2580"]
[PlyCount "76"]
[EventDate "2017.??.??"]
[EventRounds "9"]
[WhiteTeam "MuConsult Apeldoorn"]
[BlackTeam "Pathena Rotterdam"]

1. e4 c5 2. Nf3 g6 3. d4 cxd4 4. Nxd4 Bg7 5. Nc3 Nc6 6. Be3 Nf6 7. Bc4 O-O 8.
Bb3 Re8 9. h4 e6 10. Qd2 d5 11. exd5 Nxd4 12. Bxd4 exd5+ 13. Kf1 Ne4 14. Nxe4
dxe4 15. Rd1 Bxd4 16. Qxd4 Bg4 17. f3 exf3 18. gxf3 Qxd4 19. Rxd4 Bxf3 20.
Bxf7+ Kxf7 21. Rf4+ Kg7 22. Rxf3 Rad8 23. Rh2 Rd1+ 24. Kf2 Rd2+ 25. Kg3 Rxh2
26. Kxh2 Re2+ 27. Kg3 Rxc2 28. Rb3 b6 29. a4 Kf6 30. a5 Rc6 31. Rf3+ Ke6 32.
axb6 axb6 33. Rd3 h6 34. Kh3 Ke5 35. Kg3 Rd6 36. Rc3 Ke4 37. Kg4 Rd4 38. Kh3
Rd3+ 0-1

[Event "Meesterklasse"]
[Site "DSC Noord, Apeldoorn"]
[Date "2017.03.11"]
[Round "7.3"]
[White "Kevlishvili, Robby"]
[Black "Pruijssers, Roeland"]
[Result "0-1"]
[WhiteElo "2419"]
[BlackElo "2500"]
[PlyCount "70"]
[EventDate "2017.??.??"]
[EventRounds "9"]
[WhiteTeam "Pathena Rotterdam"]
[BlackTeam "MuConsult Apeldoorn"]

1. e4 e5 2. Nf3 Nc6 3. Bb5 a6 4. Ba4 Nf6 5. d3 b5 6. Bb3 Be7 7. a4 b4 8. Nbd2
O-O 9. Nc4 d6 10. h3 h6 11. O-O Rb8 12. Be3 Re8 13. a5 Bf8 14. Qc1 Ne7 15. Nh4
g5 16. Nf3 Ng6 17. Nh2 d5 18. exd5 Nxd5 19. Qd1 Bb7 20. Bd2 Ndf4 21. Bxf4 Nxf4
22. Ne3 h5 23. Nf3 Qf6 24. Nd2 Rbd8 25. Qe1 Qg6 26. f3 Kh7 27. Ne4 Be7 28. Kh2
f5 29. Nf2 Bc5 30. Ra4 g4 31. fxg4 hxg4 32. Nfxg4 fxg4 33. Qh4+ Kg7 34. Nxg4
Rh8 35. Qg3 Bd6 0-1

[Event "Meesterklasse"]
[Site "DSC Noord, Apeldoorn"]
[Date "2017.03.11"]
[Round "7.4"]
[White "Zwirs, Nico"]
[Black "Ftacnik, Lubomir"]
[Result "1/2-1/2"]
[WhiteElo "2407"]
[BlackElo "2550"]
[PlyCount "86"]
[EventDate "2017.??.??"]
[EventRounds "9"]
[WhiteTeam "MuConsult Apeldoorn"]
[BlackTeam "Pathena Rotterdam"]

1. Nf3 Nf6 2. c4 c5 3. Nc3 e6 4. e3 d5 5. d4 Nc6 6. a3 a6 7. cxd5 exd5 8. dxc5
Bxc5 9. b4 Bd6 10. Bb2 O-O 11. Be2 Bg4 12. O-O Bc7 13. Rc1 Qd6 14. g3 Rfd8 15.
b5 Na5 16. bxa6 bxa6 17. Na4 Rac8 18. Nc5 Bb6 19. Nxa6 Nc4 20. Bxc4 dxc4 21.
Qxd6 Rxd6 22. Ne5 Be6 23. Nb4 Ne4 24. Bc3 Ra8 25. Bb2 Rc8 26. Bc3 Ra8 27. Bb2
Nd2 28. Rfd1 f6 29. Bc3 Ne4 30. Rxd6 Nxd6 31. Nec6 Rxa3 32. Bd4 Bxd4 33. Nxd4
Bh3 34. Nd5 Kf7 35. f3 g5 36. g4 Ra2 37. Rc2 Rxc2 38. Nxc2 f5 39. gxf5 Bxf5 40.
e4 Bg6 41. Kf2 g4 42. Nc3 Kf6 43. Nd4 gxf3 1/2-1/2

[Event "Meesterklasse"]
[Site "DSC Noord, Apeldoorn"]
[Date "2017.03.11"]
[Round "7.5"]
[White "Blees, Albert"]
[Black "Beerdsen, Thomas"]
[Result "0-1"]
[WhiteElo "2388"]
[BlackElo "2415"]
[PlyCount "110"]
[EventDate "2017.??.??"]
[EventRounds "9"]
[WhiteTeam "Pathena Rotterdam"]
[BlackTeam "MuConsult Apeldoorn"]

1. e4 e5 2. Nf3 Nc6 3. Bc4 Nf6 4. d3 h6 5. Nbd2 d6 6. c3 a6 7. Bb3 Qe7 8. Qe2
Be6 9. O-O O-O-O 10. Re1 g5 11. d4 g4 12. Nxe5 dxe5 13. d5 g3 14. hxg3 Bg4 15.
f3 Nb8 16. fxg4 Qd7 17. Nc4 Nxg4 18. d6 h5 19. Rf1 Bxd6 20. Nxd6+ Qxd6 21. Bxf7
Qb6+ 22. Kh1 Nd7 23. Bg5 Rdf8 24. Rf5 Nh6 25. Bxh6 Qxh6 26. Raf1 h4 27. g4 Kb8
28. g5 Qg7 29. b4 Nb6 30. Qe3 Nc8 31. g6 h3 32. g3 h2 33. c4 Ne7 34. Rf6 Rh5
35. b5 axb5 36. cxb5 Nc8 37. a4 Rd8 38. Bd5 Nb6 39. a5 Nxd5 40. exd5 Qd7 41.
Qf3 Rg5 42. b6 cxb6 43. axb6 Qb5 44. Rd6 Rc8 45. g4 Rxg4 46. Rf6 Qc4 47. d6 Qd4
48. Qf2 Rg1+ 49. Kxh2 Rg4 50. Rf8 Rh4+ 51. Kg2 Qe4+ 52. Qf3 Qc2+ 53. Rf2 Qxg6+
54. Kf1 Qb1+ 55. Ke2 Re4+ 0-1

[Event "Meesterklasse"]
[Site "DSC Noord, Apeldoorn"]
[Date "2017.03.11"]
[Round "7.6"]
[White "Rijnaarts, Sjef"]
[Black "Kuijf, Rini"]
[Result "1/2-1/2"]
[WhiteElo "2368"]
[BlackElo "2344"]
[PlyCount "38"]
[EventDate "2017.??.??"]
[EventRounds "9"]
[WhiteTeam "MuConsult Apeldoorn"]
[BlackTeam "Pathena Rotterdam"]

1. e4 e6 2. d4 d5 3. Nc3 Nf6 4. e5 Nfd7 5. f4 c5 6. Nf3 Nc6 7. Be3 Be7 8. Qd2
b6 9. Be2 O-O 10. O-O f5 11. exf6 Nxf6 12. Ne5 Nxd4 13. Bxd4 cxd4 14. Nb5 Ne4
15. Qd3 Bc5 16. b4 a6 17. bxc5 axb5 18. c6 Ra4 19. Qh3 Qd6 1/2-1/2

[Event "Meesterklasse"]
[Site "DSC Noord, Apeldoorn"]
[Date "2017.03.11"]
[Round "7.7"]
[White "Cuijpers, Frans"]
[Black "Warmerdam, Max"]
[Result "1-0"]
[WhiteElo "2428"]
[BlackElo "2376"]
[PlyCount "89"]
[EventDate "2017.??.??"]
[EventRounds "9"]
[WhiteTeam "Pathena Rotterdam"]
[BlackTeam "MuConsult Apeldoorn"]

1. e4 c5 2. Nf3 d6 3. d4 cxd4 4. Nxd4 Nf6 5. Nc3 Nc6 6. Be2 e5 7. Nb3 Be7 8.
Be3 Be6 9. Bf3 a5 10. Nd5 Bxd5 11. exd5 Nb8 12. a4 O-O 13. g4 Nfd7 14. Qd2 b6
15. Nc1 Na6 16. Ne2 Rc8 17. Ng3 Ndc5 18. Nf5 Re8 19. h4 Bf8 20. h5 Nb4 21. Kf1
Qd7 22. Bxc5 Rxc5 23. c3 Na6 24. Be2 Nc7 25. Ne3 Na8 26. b4 Rcc8 27. Bb5 Qa7
28. Bxe8 Rxe8 29. Kg2 Nc7 30. Qd3 e4 31. Qc4 Re5 32. Qc6 Ne8 33. Nc4 Qe7 34.
Nxe5 Qxe5 35. Qc8 Nf6 36. Qf5 Qxc3 37. g5 Nd7 38. Rac1 Qb3 39. Qxd7 Qf3+ 40.
Kg1 e3 41. Rf1 Qf4 42. Qh3 e2 43. Re1 Qxg5+ 44. Qg3 Qxd5 45. bxa5 1-0

[Event "Meesterklasse"]
[Site "DSC Noord, Apeldoorn"]
[Date "2017.03.11"]
[Round "7.8"]
[White "Van de Oudeweetering, Arthur"]
[Black "Martens, Martin"]
[Result "1/2-1/2"]
[WhiteElo "2298"]
[BlackElo "2401"]
[PlyCount "62"]
[EventDate "2017.??.??"]
[EventRounds "9"]
[WhiteTeam "MuConsult Apeldoorn"]
[BlackTeam "Pathena Rotterdam"]

1. e4 d6 2. d4 Nf6 3. Nc3 g6 4. f4 Bg7 5. Nf3 O-O 6. Be2 c5 7. dxc5 Qa5 8. O-O
Qxc5+ 9. Kh1 b5 10. e5 dxe5 11. Nxe5 Nbd7 12. Bf3 Rb8 13. Re1 b4 14. Na4 Qa5
15. c4 Nxe5 16. Rxe5 Qc7 17. Rc5 Qd8 18. Be3 Bd7 19. Qb3 Ng4 20. Bg1 e5 21. Rd5
Qe8 22. Nc5 Bc8 23. Re1 Qe7 24. Bxg4 Bxg4 25. fxe5 Rfe8 26. Qg3 Bf5 27. Bf2
Rbc8 28. b3 Rc6 29. h3 Rec8 30. Nd3 h5 31. Nf4 Ra6 1/2-1/2

[Event "Meesterklasse"]
[Site "DSC Noord, Apeldoorn"]
[Date "2017.03.11"]
[Round "7.9"]
[White "Besseling, Michiel"]
[Black "Kabatianski, Alexander"]
[Result "1-0"]
[WhiteElo "2186"]
[BlackElo "2383"]
[PlyCount "86"]
[EventDate "2017.??.??"]
[EventRounds "9"]
[WhiteTeam "Pathena Rotterdam"]
[BlackTeam "MuConsult Apeldoorn"]

1. d4 Nf6 2. c4 e6 3. Nc3 Bb4 4. e3 O-O 5. Bd3 c5 6. Nf3 d5 7. O-O Nc6 8. a3
Bxc3 9. bxc3 Qc7 10. Bb2 Re8 11. h3 Na5 12. cxd5 exd5 13. Ne5 c4 14. Bc2 Ne4
15. f3 Nd6 16. Re1 b6 17. a4 Bb7 18. Ba3 Re6 19. Rb1 Rae8 20. Qd2 f6 21. Ng4
Bc6 22. Qf2 h5 23. Nh2 Kf7 24. Qg3 g5 25. Bf5 Bxa4 26. h4 Nb5 27. Bxe6+ Rxe6
28. Qxc7+ Nxc7 29. hxg5 fxg5 30. e4 Bc2 31. exd5 Rxe1+ 32. Rxe1 Nxd5 33. Re5
Nf4 34. g3 Nd3 35. Rxg5 Nb3 36. Rxh5 Nd2 37. Rh7+ Kf6 38. Rxa7 Nb1 39. d5 Nxa3
40. Rxa3 Kf5 41. Ng4 Bb3 42. Ra6 Ne1 43. Kf2 Nd3+ 1-0

[Event "Meesterklasse"]
[Site "DSC Noord, Apeldoorn"]
[Date "2017.03.11"]
[Round "7.10"]
[White "Lammens, Tim"]
[Black "Quist, Johan"]
[Result "1/2-1/2"]
[WhiteElo "2298"]
[BlackElo "2322"]
[PlyCount "126"]
[EventDate "2017.??.??"]
[EventRounds "9"]
[WhiteTeam "MuConsult Apeldoorn"]
[BlackTeam "Pathena Rotterdam"]

1. Nf3 c5 2. g3 Nc6 3. Bg2 g6 4. c4 Bg7 5. Nc3 d6 6. O-O Nf6 7. d4 cxd4 8. Nxd4
Bd7 9. Nc2 O-O 10. b3 a6 11. Bb2 Rb8 12. Nd5 Nxd5 13. Bxg7 Ne3 14. Nxe3 Kxg7
15. Rc1 Qa5 16. c5 Be6 17. cxd6 Rfd8 18. Bxc6 bxc6 19. Qd4+ Kg8 20. Qc5 Qxc5
21. Rxc5 Rxd6 22. Rfc1 Rb6 23. R1c2 Kf8 24. f4 f6 25. Kf2 Ke8 26. h4 Kd7 27.
Nc4 Bxc4 28. R5xc4 Rb5 29. e4 e5 30. f5 gxf5 31. exf5 Rbd5 32. Rg4 Kc7 33. Rg7+
Rd7 34. Rxd7+ Kxd7 35. Ke3 Kd6 36. Rc4 Rd1 37. Ra4 Rf1 38. g4 h5 39. Ke2 Rg1
40. gxh5 Kd5 41. Rxa6 Rg4 42. Ra5+ c5 43. Ra6 Rxh4 44. Rxf6 Rxh5 45. Kf3 Rh2
46. Ra6 e4+ 47. Kf4 Rf2+ 48. Kg5 e3 49. Re6 Kd4 50. f6 Rxa2 51. f7 Rf2 52. Rf6
Rxf6 53. Kxf6 e2 54. f8=Q e1=Q 55. Qd8+ Ke3 56. Qe7+ Kd2 57. Qxc5 Qh4+ 58. Kf7
Qf4+ 59. Ke6 Qe4+ 60. Kd6 Qd3+ 61. Qd5 Qxd5+ 62. Kxd5 Kc3 63. b4 Kxb4 1/2-1/2